Geography Quiz

Random Geography or World Quiz
Score 0/154 Timer 15:00
0 Plays Today
% Correct
Denmark
88.2%
Iceland
88.2%
United States
88.2%
Andorra
82.4%
Austria
82.4%
Belgium
82.4%
Finland
82.4%
France
82.4%
Greece
82.4%
Ireland
82.4%
Italy
82.4%
Liechtenstein
82.4%
Luxembourg
82.4%
Monaco
82.4%
Netherlands
82.4%
Turkey
82.4%
Switzerland
82.4%
Sweden
82.4%
Spain
82.4%
San Marino
82.4%
Portugal
82.4%
Norway
82.4%
United Kingdom
82.4%
Vatican City
82.4%
Canada
76.5%
China
76.5%
Cyprus
76.5%
Malta
76.5%
Australia
70.6%
Cuba
70.6%
Indonesia
70.6%
Israel
70.6%
Laos
70.6%
Mexico
70.6%
Myanmar
70.6%
Taiwan
70.6%
Vietnam
70.6%
Algeria
64.7%
Antigua and Barbuda
64.7%
Argentina
64.7%
Bahamas
64.7%
Bahrain
64.7%
Bangladesh
64.7%
Barbados
64.7%
Belize
64.7%
Bhutan
64.7%
Bolivia
64.7%
Botswana
64.7%
Brazil
64.7%
Brunei
64.7%
Burundi
64.7%
Cameroon
64.7%
% Correct
Cabo Verde
64.7%
Cen. Afr. Rep.
64.7%
Chad
64.7%
Chile
64.7%
Colombia
64.7%
Comoros
64.7%
Rep. of the Congo
64.7%
Costa Rica
64.7%
Côte d'Ivoire
64.7%
Djibouti
64.7%
Dominica
64.7%
Dominican Republic
64.7%
Ecuador
64.7%
Egypt
64.7%
El Salvador
64.7%
Equatorial Guinea
64.7%
Eritrea
64.7%
Fiji
64.7%
Gabon
64.7%
The Gambia
64.7%
Ghana
64.7%
Guatemala
64.7%
Guinea
64.7%
Guinea-Bissau
64.7%
Guyana
64.7%
Haiti
64.7%
Honduras
64.7%
India
64.7%
Iran
64.7%
Iraq
64.7%
Jamaica
64.7%
Japan
64.7%
Jordan
64.7%
Kenya
64.7%
Kiribati
64.7%
South Korea
64.7%
Kuwait
64.7%
Lebanon
64.7%
Lesotho
64.7%
Liberia
64.7%
Libya
64.7%
Malawi
64.7%
Malaysia
64.7%
Maldives
64.7%
Mali
64.7%
Marshall Islands
64.7%
Mauritania
64.7%
Mauritius
64.7%
Micronesia
64.7%
Morocco
64.7%
Namibia
64.7%
Nauru
64.7%
% Correct
Nepal
64.7%
New Zealand
64.7%
Tunisia
64.7%
Trinidad and Tobago
64.7%
Tonga
64.7%
Togo
64.7%
Timor-Leste
64.7%
Thailand
64.7%
Tanzania
64.7%
Syria
64.7%
eSwatini
64.7%
Suriname
64.7%
Sudan
64.7%
Sri Lanka
64.7%
South Africa
64.7%
Solomon Islands
64.7%
Sierra Leone
64.7%
Seychelles
64.7%
Senegal
64.7%
Saudi Arabia
64.7%
São Tomé and Príncipe
64.7%
Samoa
64.7%
St. Vincent-Grenadines
64.7%
St. Lucia
64.7%
St. Kitts and Nevis
64.7%
Rwanda
64.7%
Qatar
64.7%
Philippines
64.7%
Peru
64.7%
Paraguay
64.7%
Papua New Guinea
64.7%
Palau
64.7%
Panama
64.7%
Pakistan
64.7%
Oman
64.7%
Nigeria
64.7%
Niger
64.7%
Nicaragua
64.7%
Tuvalu
64.7%
Uganda
64.7%
UAE
64.7%
Uruguay
64.7%
Vanuatu
64.7%
Venezuela
64.7%
Zambia
64.7%
Zimbabwe
64.7%
South Sudan
64.7%
Palestine
64.7%
Kosovo
58.8%
Singapore
58.8%
Remove Ads.
Support Sporcle.
Get the best of Sporcle when you Go Orange. This ad-free experience offers more features, more stats, and more fun while also helping to support Sporcle. Thank you for becoming a member.

You're not logged in!

Compare scores with friends on all Sporcle quizzes.
OR
Log In

Show Comments

Extras

Top Quizzes Today


Score Distribution

Your Account Isn't Verified!

In order to create a playlist on Sporcle, you need to verify the email address you used during registration. Go to your Sporcle Settings to finish the process.

Report this User

Report this user for behavior that violates our Community Guidelines.

Details: